| 000 | 00441ntaaa2200169 4500 | ||
|---|---|---|---|
| 003 | 01 | ||
| 005 | 20251027202916.0 | ||
| 008 | 0714s1973 ag 01 | ||
| 040 |
_aAR-BaBN _bspa _cAR-BaBN _eaacr _dRIC |
||
| 082 | _a922.8000 L43 | ||
| 100 |
_aLawrence, Una Roberts _920464 |
||
| 245 | _aLottie Moon | ||
| 250 | _a1 ed. | ||
| 260 |
_aNashville : _bSunday School Board of the Southern Baptist Convention, _cc1927 |
||
| 300 | _a317 p | ||
| 942 | _cBK | ||
| 999 |
_c24305 _d24305 |
||